Design Data (Record no. 3535)

MARC details
000 -LEADER
fixed length control field 00325nam a2200145Ia 4500
008 - FIXED-LENGTH DATA ELEMENTS--GENERAL INFORMATION
fixed length control field 191201s2007 xx 000 0 und d
082 ## - DEWEY DECIMAL CLASSIFICATION NUMBER
Classification number 629.23
Item number PSD
100 ## - MAIN ENTRY--PERSONAL NAME
Personal name NA
245 #0 - TITLE STATEMENT
Title Design Data
250 ## - EDITION STATEMENT
Edition statement Rev.ed.
260 ## - PUBLICATION, DISTRIBUTION, ETC. (IMPRINT)
Place of publication, distribution, etc -
Name of publisher, distributor, etc kalaikathir Achchagon
Date of publication, distribution, etc 2007
300 ## - PHYSICAL DESCRIPTION
Extent misc.
650 ## - SUBJECT ADDED ENTRY--TOPICAL TERM
Topical term or geographic name as entry element B.Tech(ME)
942 ## - ADDED ENTRY ELEMENTS (KOHA)
Source of classification or shelving scheme Dewey Decimal Classification
Koha item type Text Books
Holdings
Withdrawn status Lost status Source of classification or shelving scheme Damaged status Not for loan Collection code Home library Current library Date acquired Source of acquisition Cost, normal purchase price Bill Number Total Checkouts Full call number Acc. no. / Barcode Date last seen Bill Date Koha item type
    Dewey Decimal Classification     B.Tech(ME) PIET C-LIBRARY PIET C-LIBRARY 03/10/2008 J B C, New Delhi 375.00 S1-2190   629.23 ACD 9510 04/12/2019 01/08/2008 Text Books
    Dewey Decimal Classification     B.Tech(ME) PIET C-LIBRARY PIET C-LIBRARY 03/10/2008 J B C, New Delhi 375.00 S1-2190   629.23 ACD 9511 04/12/2019 01/08/2008 Text Books
    Dewey Decimal Classification     B.Tech(ME) PIET C-LIBRARY PIET C-LIBRARY 03/10/2008 J B C, New Delhi 375.00 S1-2190   629.23 ACD 9512 04/12/2019 01/08/2008 Text Books
    Dewey Decimal Classification     B.Tech(ME) PIET C-LIBRARY PIET C-LIBRARY 03/10/2008 J B C, New Delhi 375.00 S1-2190   629.23 ACD 9513 04/12/2019 01/08/2008 Text Books
    Dewey Decimal Classification     B.Tech(ME) PIET C-LIBRARY PIET C-LIBRARY 03/10/2008 J B C, New Delhi 375.00 S1-2190   629.23 ACD 9514 04/12/2019 01/08/2008 Text Books
    Dewey Decimal Classification     B.Tech(ME) PIET C-LIBRARY PIET C-LIBRARY 03/10/2008 J B C, New Delhi 375.00 S1-2190   629.23 ACD 9515 04/12/2019 01/08/2008 Text Books
    Dewey Decimal Classification     B.Tech(ME) PIET C-LIBRARY PIET C-LIBRARY 03/10/2008 J B C, New Delhi 375.00 S1-2190   629.23 ACD 9516 04/12/2019 01/08/2008 Text Books
    Dewey Decimal Classification     B.Tech(ME) PIET C-LIBRARY PIET C-LIBRARY 03/10/2008 J B C, New Delhi 375.00 S1-2190   629.23 ACD 9517 04/12/2019 01/08/2008 Text Books

Design & Developed by: PIET Central Library
R70 Miles Stone Pattikalyana Samalkha Panipat 132102
mail ID :- [email protected], Phone No:- 0180-2569700 Ex.216